00442nam a2200121Ia 4500008004100000100001200041245014900053245002300202260000900225300001100234650001300245856006200258170221s9999 xx 000 0 und d aYi Dong 4aThe Impact of NASD Rule 2711 and NYSE Rule 472 on Analyst Behavior: The Strategic Timing of Recommendations Issued on Weekends (pages 950–975) cYi Dong and Nan Hu c2012 a10 : 1 xBusiness uhttp://onlinelibrary.wiley.com/doi/10.1111/jbfa.12211/pdf